Tiranías, rebeliones y democracia : itinerarios políticos comparados en Centroamérica /
Estudio comparado de los procesos políticos por los que han transitado los países centraomericanos desde la segunda mitad del siglo veinte hasta los albores del presente siglo. Dichos países que aborda el autor son: Costa Rica, El Salvador, Guatemala, Honduras y Nicaragua.
Guardat en:
| Autor principal: | |
|---|---|
| Format: | Llibre |
| Idioma: | espanyol |
| Publicat: |
Barcelona, España :
Bellaterra,
2004, c2004
|
| Col·lecció: | (Serie General Universitaria ;
40) |
| Matèries: | |
| Etiquetes: |
Sense etiquetes, Sigues el primer a etiquetar aquest registre!
|
MARC
| LEADER | 00000nam^a2200000^a^4500 | ||
|---|---|---|---|
| 001 | 000400489 | ||
| 005 | 20250521000000.0 | ||
| 009 | 20260526143535.085 | ||
| 020 | |a 84-7290-260-9 | ||
| 037 | |a Acervo ITESO - Biblioteca | ||
| 041 | |a ESP | ||
| 082 | |a 320. 972805 |b MAR | ||
| 100 | |a Martí i Puig, Salvador |e (autor) | ||
| 245 | 1 | 0 | |a Tiranías, rebeliones y democracia : |b itinerarios políticos comparados en Centroamérica / |c S. Martí i Puig ; pról. de David Close. |
| 264 | 4 | |a Barcelona, España : |b Bellaterra, |c 2004, c2004 | |
| 300 | |a 327 p. | ||
| 336 | |a texto |b txt |2 rdacontenido | ||
| 337 | |a sin mediación |b n |2 rdamedio | ||
| 338 | |a volumen |b nc |2 rdasoporte | ||
| 440 | 1 | |a (Serie General Universitaria ; |v 40) | |
| 520 | |a Estudio comparado de los procesos políticos por los que han transitado los países centraomericanos desde la segunda mitad del siglo veinte hasta los albores del presente siglo. Dichos países que aborda el autor son: Costa Rica, El Salvador, Guatemala, Honduras y Nicaragua. | ||
| 521 | |a FIL 2017 EEnlace Departamento de Estudios Socioculturales | ||
| 649 | |a XX | ||
| 650 | |a Crisis Política - |z América Central - |x Historia | ||
| 650 | |a Guerra y Paz - |z América Central - |x Historia | ||
| 650 | |a Democracia - |z América Central - |x Historia | ||
| 650 | |a Proceso Político - |z América Central - |x Historia | ||
| 650 | |a Política - |z América Central - |x Historia - |y Siglo XX - |x Tema Principal | ||
| 650 | |a Política - |z América Central - |x Historia - |y Siglo XXI | ||
| 650 | |a América Central - |x Historia - |y Siglo XX | ||
| 650 | |a América Central - |x Historia - |y Siglo XXI | ||
| 650 | |a América Central - |x Condiciones Políticas | ||
| 910 | |a Fondo General | ||
| 920 | |a Impresos - Libros | ||
| 930 | |a Colección General | ||
| 905 | |a 101 | ||
| 901 | |a 0500295743 |b IT1 |c ACC |i c157705 |u 20250521 | ||
| 902 | |a https://opac.biblio.iteso.mx/vufind/Record/000400489 | ||